[Event "AUTO-OPEN-2934"]
[Site "http://www.queenalice.com/game.php?id=1158366"]
[Date "2013.3.6"]
[Round "1"]
[White "MORTIMER"]
[Black "J_Ricardo"]
[Result "1-0"]
[WhiteElo "1992"]
[BlackElo "1460"]

1. d4 e6 2. Nf3 b6 3. e4 Bb7 4. Bd3 d6 5. O-O Nc6 6. c3 Nf6 7. Re1 Be7 8. Bf4
O-O 9. e5 Nd5 10. Bg3 Na5 11. Qc2 g6 12. a3 Bc6 13. c4 Rb8 14. cxd5 Bxd5 15.
Nbd2 Rc8 16. b4 Nc6 17. Be4 Bxe4 18. Nxe4 dxe5 19. Qxc6 exd4 20. Rad1 a5 21.
Rxd4 Qe8 22. Qxe8 Rfxe8 23. Be5 c5 24. bxc5 bxc5 25. Rc4 Red8 26. Bf6 Bxf6 27.
Nxf6+ Kg7 28. Ne4 Rd7 29. Rxc5 Rxc5 30. Nxc5 Rc7 31. Re5 a4 32. h3 Rc6 33. Nd4
1-0

[Event "AUTO-OPEN-2934"]
[Site "http://www.queenalice.com/game.php?id=1158367"]
[Date "2013.3.6"]
[Round "1"]
[White "J_Ricardo"]
[Black "MORTIMER"]
[Result "0-1"]
[WhiteElo "1462"]
[BlackElo "1990"]

1. e4 e5 2. Nf3 Nc6 3. Nc3 Nf6 4. Bb5 Bb4 5. a3 Bxc3 6. bxc3 d6 7. d3 O-O 8. O-O
Bd7 9. Bg5 a6 10. Bc4 Re8 11. d4 exd4 12. cxd4 Rxe4 13. Bd3 Re8 14. Qd2 Bg4 15.
c3 h6 16. Rab1 hxg5 17. Nxg5 Bc8 18. Qc2 Kf8 19. Bc4 d5 20. Bd3 Ne4 21. Bxe4
Qxg5 22. Bf3 Bf5 23. Qb3 Bxb1 24. Qxb1 b5 25. Qb3 Rad8 26. a4 bxa4 27. Qb7 Rd6
28. Qxc7 Rf6 29. c4 Nxd4 30. Bxd5 Ne2+ 31. Kh1 Rxf2 32. Rxf2 Qc1+ 33. Rf1 Qxf1#
0-1

[Event "AUTO-INT-2578"]
[Site "http://www.queenalice.com/game.php?id=1158467"]
[Date "2013.3.6"]
[Round "1"]
[White "pablin"]
[Black "J_Ricardo"]
[Result "1-0"]
[WhiteElo "1697"]
[BlackElo "1479"]

1. d4 e6 2. c4 Nf6 3. Nc3 b6 4. d5 exd5 5. cxd5 Bb7 6. e4 Qe7 7. Bc4 d6 8. Nf3
g6 9. O-O Bg7 10. Bg5 Nbd7 11. Nb5 O-O 12. Nxc7 Rac8 13. Nb5 Rxc4 14. Nxa7 Rxe4
15. Re1 Rxe1+ 16. Nxe1 Qe5 17. Nf3 Qxb2 18. a4 Bxd5 19. Nb5 Bb3 20. Qb1 Qc2 21.
Nxd6 Qc3 22. Ra3 Nc5 23. Bd2 Qc4 24. Nxc4 Bxc4 25. Qxb6 Nfe4 26. Bb4 Bf6 27.
Bxc5 Nxc5 28. Qxc5 Be6 29. Ne5 Rd8 30. g3 Re8 31. Rf3 Bxe5 32. Qxe5 Kf8 33. Rc3
Bd7 34. Qh8+ Ke7 35. Re3+ Kd8 36. Rxe8+ Bxe8 37. a5 Kd7 38. a6 Kc7 39. a7 Kb7
40. Qa1 Ka8 41. f4 Bc6 42. Qf6 Bb7 43. Qxf7 Kxa7 44. Qxh7 1-0

[Event "AUTO-INT-2578"]
[Site "http://www.queenalice.com/game.php?id=1158468"]
[Date "2013.3.6"]
[Round "1"]
[White "J_Ricardo"]
[Black "pablin"]
[Result "0-1"]
[WhiteElo "1424"]
[BlackElo "1685"]

1. e4 c5 2. Nf3 Nc6 3. Bc4 e5 4. d3 Nf6 5. Ng5 d5 6. exd5 Nxd5 7. O-O Be7 8. Qf3
Bxg5 9. Bxd5 O-O 10. Bxg5 Qxg5 11. Nc3 Nd4 12. Qd1 Bg4 13. Qe1 Nxc2 14. Qe4 Nxa1
15. Bxb7 Rab8 16. Nb5 Nc2 17. Nxa7 Nd4 18. Re1 Bf5 19. Qd5 Bh3 20. Nc6 Rxb7 21.
Nxe5 Ne2+ 22. Kf1 Nf4 23. Qf3 Bxg2+ 24. Kg1 Bxf3+ 25. Ng4 Qxg4+ 26. Kf1 Qg2# 0-1

[Event "AUTO-INT-2578"]
[Site "http://www.queenalice.com/game.php?id=1158483"]
[Date "2013.3.6"]
[Round "1"]
[White "Ricardoabreu"]
[Black "J_Ricardo"]
[Result "1-0"]
[WhiteElo "1596"]
[BlackElo "1520"]

1. e4 e5 2. d4 f6 3. d5 d6 4. Bb5+ Bd7 5. Bxd7+ Qxd7 6. f3 c6 7. Na3 Ne7 8. b3
f5 9. Nc4 fxe4 10. fxe4 cxd5 11. exd5 b6 12. Be3 Qf5 13. Nxd6+ Kd8 14. Nxf5 Nxf5
15. Bg5+ Be7 16. Bxe7+ Nxe7 17. d6 Nec6 18. Qd5 Kd7 19. O-O-O Re8 20. Qf7+ Kd8
21. Qc7# 1-0

[Event "AUTO-INT-2578"]
[Site "http://www.queenalice.com/game.php?id=1158484"]
[Date "2013.3.6"]
[Round "1"]
[White "J_Ricardo"]
[Black "Ricardoabreu"]
[Result "1/2-1/2"]
[WhiteElo "1474"]
[BlackElo "1598"]

1. e4 d5 2. Qe2 d4 3. d3 e5 4. Nf3 f6 5. Nbd2 b6 6. c3 dxc3 7. bxc3 Bg4 8. h3
Bh5 9. Bb2 a5 10. Nc4 Nc6 11. Ne3 Qd7 12. Qd2 Nh6 13. Nd5 Bf7 14. c4 Bxd5 15.
cxd5 Bb4 16. Bc3 Be7 17. dxc6 Qxc6 18. Be2 Nf7 19. O-O Nd6 20. Rac1 O-O 21. Bxe5
fxe5 22. Nxe5 Qe8 23. Rxc7 Qb5 24. d4 Nxe4 25. Qe3 Qd5 26. Bc4 Qxc4 27. Rxc4 Nd6
28. Rc7 Bf6 29. Rc6 Nf5 30. Qb3+ Kh8 31. Qxb6 Rfb8 32. Qc7 Bxe5 33. Qxe5 Rf8 34.
d5 Rae8 35. Qc7 Nd4 36. Rb6 Ne2+ 37. Kh1 Ng3+ 38. Kg1 Nxf1 39. d6 Rc8 40. Qa7 h6
41. d7 Rc1 42. Rb8 Ng3+ 43. Kh2 Nf1+ 44. Kg1 Ng3+ 45. Kh2 Nf1+ 46. Kg1 Ng3+ 47.
Kh2 Nf1+ 48. Kh1 Ng3+ 49. Kh2 Nf1+ 1/2-1/2

[Event "AUTO-INT-2578"]
[Site "http://www.queenalice.com/game.php?id=1158495"]
[Date "2013.3.6"]
[Round "1"]
[White "J_Ricardo"]
[Black "Rouletabosse"]
[Result "0-1"]
[WhiteElo "1498"]
[BlackElo "1780"]

1. e4 e6 2. Nf3 d5 3. Bd3 dxe4 4. Bxe4 Nf6 5. Bd3 a6 6. b3 b5 7. Bb2 Bb7 8. Ne5
Bxg2 9. Rg1 Bb7 10. c4 bxc4 11. bxc4 Nc6 12. Qe2 Nxe5 13. Qxe5 Bd6 14. Qe3 g6
15. Nc3 O-O 16. Ne2 Re8 17. Qf3 Bxf3 18. Bxf6 Qxf6 19. Rb1 Rab8 20. Rxb8 Rxb8
0-1

[Event "AUTO-INT-2578"]
[Site "http://www.queenalice.com/game.php?id=1158496"]
[Date "2013.3.6"]
[Round "1"]
[White "Rouletabosse"]
[Black "J_Ricardo"]
[Result "1-0"]
[WhiteElo "1775"]
[BlackElo "1503"]

1. Nf3 e6 2. d4 d5 3. a3 Bd7 4. h3 Bd6 5. e3 Nc6 6. c4 dxc4 7. Bxc4 Nf6 8. O-O
Ne4 9. Bd3 Nf6 10. Nc3 a6 11. b4 O-O 12. Bb2 Qe7 13. Ne4 Nxe4 14. Bxe4 b5 15.
Rc1 Qf6 16. Bxc6 Bxc6 17. Rxc6 Qe7 18. Qe2 Qd7 19. Rfc1 a5 20. Ne5 Bxe5 21. dxe5
1-0

[Event "AUTO-OPEN-2953"]
[Site "http://www.queenalice.com/game.php?id=1165820"]
[Date "2013.3.29"]
[Round "1"]
[White "J_Ricardo"]
[Black "pride"]
[Result "0-1"]
[WhiteElo "1480"]
[BlackElo "1637"]

1. e4 h5 2. Nf3 Nc6 3. c3 e5 4. Bc4 Na5 5. Qe2 Rh6 6. Nxe5 Qg5 7. Nxf7 Qxg2 8.
Nxh6 Qxh1+ 9. Qf1 Qxh2 10. Bxg8 gxh6 11. Na3 d6 12. d3 Bh3 13. Qe2 Qg1+ 14. Kd2
Bf1 15. Qxh5+ Kd8 16. Kc2 Qxf2+ 17. Bd2 Be2 18. Qxa5 Qf3 19. Bc4 b6 20. Qa6 Bg7
21. Bd5 Rc8 22. Nb5 Qxd3+ 23. Kc1 Qf3 24. Qxa7 Qf1+ 25. Kc2 Bd3+ 26. Kb3 Qxa1
27. Bb7 Qd1+ 28. Kb4 Bf8 29. Bxc8 d5+ 30. Nd6 Bxd6# 0-1

[Event "AUTO-OPEN-2953"]
[Site "http://www.queenalice.com/game.php?id=1165821"]
[Date "2013.3.29"]
[Round "1"]
[White "pride"]
[Black "J_Ricardo"]
[Result "1-0"]
[WhiteElo "1571"]
[BlackElo "1470"]

1. e4 e5 2. d4 exd4 3. Qxd4 d6 4. Nf3 h6 5. Bc4 Nf6 6. Qd5 Qe7 7. Qa5 Qxe4+ 8.
Be2 Qxc2 9. Bb5+ c6 10. O-O cxb5 11. Re1+ Be7 12. Na3 Qc5 13. Re3 Nd5 14. Re2
O-O 15. Rc2 Qb6 16. Qd2 a5 17. Nd4 Bf6 18. Nf5 Bg5 19. Qd3 Nf4 20. Bxf4 Nd7 21.
Bxd6 Re8 22. Nxb5 a4 23. Nc7 Ne5 24. Qc3 Ng4 25. Qxg7# 1-0

[Event "AUTO-INT-2597"]
[Site "http://www.queenalice.com/game.php?id=1165861"]
[Date "2013.3.29"]
[Round "1"]
[White "J_Ricardo"]
[Black "Betim_Xadrez"]
[Result "0-1"]
[WhiteElo "1464"]
[BlackElo "1825"]

1. e4 e5 2. Nf3 Nc6 3. Nc3 Nf6 4. b3 Bb4 5. Bb2 O-O 6. a3 Ba5 7. Be2 d6 8. b4
Bb6 9. h3 a5 10. bxa5 Bxa5 11. O-O Bxc3 12. Bxc3 Qe7 13. d4 Re8 14. dxe5 dxe5
15. Bb5 Nxe4 16. Qe1 Nxc3 17. Bc4 e4 18. Qxc3 exf3 19. Qxf3 Rf8 20. Rae1 Qc5 21.
Bd5 Qxc2 22. Re4 Be6 23. Bxe6 fxe6 24. Rf4 Rxf4 25. Qxf4 e5 26. Qe3 Qb2 27. h4
Rxa3 28. Qg5 Ra1 29. Rxa1 Qxa1+ 30. Kh2 Qa8 31. g4 b5 32. h5 b4 33. h6 g6 34.
Qf6 Qf8 0-1

[Event "AUTO-INT-2597"]
[Site "http://www.queenalice.com/game.php?id=1165862"]
[Date "2013.3.29"]
[Round "1"]
[White "Betim_Xadrez"]
[Black "J_Ricardo"]
[Result "1-0"]
[WhiteElo "1875"]
[BlackElo "1482"]

1. e4 e5 2. Nf3 d6 3. Nc3 Nc6 4. Bb5 Bd7 5. O-O Nf6 6. d3 a6 7. Ba4 Be7 8. Bg5
Bg4 9. Nd5 Nxd5 10. exd5 b5 11. Bxb5 axb5 12. Bxe7 Nxe7 13. h3 Bxf3 14. Qxf3 O-O
15. Rfe1 Ra5 16. b4 Ra4 17. c3 Qa8 18. d4 Nxd5 19. dxe5 dxe5 20. Rxe5 Ra3 21.
Qxd5 h6 22. Qxb5 Rd8 23. Qc4 c6 24. Re7 Rf8 25. Rd1 Rxa2 26. Rdd7 Ra1+ 27. Kh2
Qb8+ 28. g3 Qb6 29. Rxf7 Raa8 30. Rxg7+ Kh8 31. Rh7# 1-0

[Event "AUTO-OPEN-2845"]
[Site "http://www.queenalice.com/game.php?id=1177454"]
[Date "2013.5.2"]
[Round "2"]
[White "J_Ricardo"]
[Black "chessman"]
[Result "0-1"]
[WhiteElo "1484"]
[BlackElo "1936"]

1. e4 e6 2. Nc3 d5 3. d3 Nf6 4. Nf3 Be7 5. Ne5 d4 6. Ne2 c5 7. Bg5 O-O 8. Nf4
Nbd7 9. Nxd7 Bxd7 10. Be2 e5 11. Qd2 exf4 12. Qxf4 Nd5 13. exd5 Bxg5 14. Qe5 Bf6
15. Qd6 b6 16. O-O Re8 17. Bh5 Be5 18. Qxe5 Rxe5 19. Bf3 Bc8 20. d6 Rb8 21. c3
Qxd6 22. c4 Qg6 23. h3 Bxh3 24. b3 Bxg2 25. Bxg2 Rg5 0-1

[Event "AUTO-OPEN-2845"]
[Site "http://www.queenalice.com/game.php?id=1177455"]
[Date "2013.5.2"]
[Round "2"]
[White "chessman"]
[Black "J_Ricardo"]
[Result "1-0"]
[WhiteElo "1945"]
[BlackElo "1470"]

1. e4 e5 2. Nf3 Nc6 3. Bc4 a6 4. O-O h6 5. d4 exd4 6. Nxd4 Nxd4 7. Qxd4 d6 8.
Nc3 Nf6 9. Re1 Be7 10. Nd5 Be6 11. h3 c6 12. Nxf6+ Bxf6 13. Qd3 d5 14. exd5 cxd5
15. Bxd5 O-O 16. Bxe6 Bd4 17. Bb3 Rc8 18. Qg3 Qf6 19. c3 Bxf2+ 20. Qxf2 Qg6 21.
Rf1 b5 22. Bxf7+ Rxf7 23. Qxf7+ Kh7 24. Qxg6+ Kxg6 25. Be3 Rc6 26. Bd4 a5 27.
Rfe1 b4 28. cxb4 axb4 29. Re7 1-0